000 00570nam a2200193Ia 4500
005 20250508162503.0
008 008 250505s9999 xx 000 0 eng d
037 _aTextual
040 _aFEDL
_beng
_cFEDL
041 _aeng
_2eng
084 _a370.954, KEA
_qFEDL
100 _aKeay F E
245 0 _aAncient Indian education : An inquiry into its origin, development, and ideals
260 _aNew Delhi, India
_bCosmo Publications
_c1980
300 _a191p.
650 _aEducation
942 _cTEXL
_h370.954, KEA
999 _c1376865
_d1376865